Muslim family law in Sri Lanka : (Record no. 3538)

MARC details
000 -LEADER
fixed length control field 00698nam a2200229 4500
003 - CONTROL NUMBER IDENTIFIER
control field LK-CoMWRAF
005 - DATE AND TIME OF LATEST TRANSACTION
control field 20230910220609.0
008 - FIXED-LENGTH DATA ELEMENTS--GENERAL INFORMATION
fixed length control field 230910b1999 |||||||| |||| 00| 0 eng d
020 ## - INTERNATIONAL STANDARD BOOK NUMBER
International Standard Book Number 9556250050
040 ## - CATALOGING SOURCE
Original cataloging agency LK-CoMWRAF
Modifying agency LK-CoMWRAF
Description conventions LK-CoMWRAF
041 ## - LANGUAGE CODE
Language code of text/sound track or separate title English
082 ## - DEWEY DECIMAL CLASSIFICATION NUMBER
Classification number 340.59
Item number KOD
942 ## - ADDED ENTRY ELEMENTS (KOHA)
Koha item type Books
100 ## - MAIN ENTRY--PERSONAL NAME
Personal name Kodikara, Chilani
700 ## - ADDED ENTRY--PERSONAL NAME
Personal name Zackriya, Faizun
Relator Term editor
700 ## - ADDED ENTRY--PERSONAL NAME
Personal name Wijayatilake, Kamalini
Relator Term editor
700 ## - ADDED ENTRY--PERSONAL NAME
Personal name Samanthi, Janaki
Relator Term illustrator
245 ## - TITLE STATEMENT
Title Muslim family law in Sri Lanka :
Remainder of title Theory, practice and issues of concern to women
260 ## - PUBLICATION, DISTRIBUTION, ETC. (IMPRINT)
Place of publication, distribution, etc. Colombo :
Name of publisher, distributor, etc. Muslim Women's research and action forum,
Date of publication, distribution, etc. 1999
300 ## - PHYSICAL DESCRIPTION
Extent 207p ; 24cm
650 ## - SUBJECT ADDED ENTRY--TOPICAL TERM
Topical term or geographic name as entry element Muslim Law-Sri Lanka
Holdings
Withdrawn status Lost status Damaged status Not for loan Collection code Permanent Location Current Location Date acquired Full call number Barcode Koha item type
        MWRAF Publications Resource center, Muslim Women's Research And Action Forum Resource center, Muslim Women's Research And Action Forum 2023-09-10 340.59 KOD RAF1036 Books
        MWRAF Publications Resource center, Muslim Women's Research And Action Forum Resource center, Muslim Women's Research And Action Forum 2023-10-31 340.59 KOD RAF2538 Books
        MWRAF Publications Resource center, Muslim Women's Research And Action Forum Resource center, Muslim Women's Research And Action Forum 2023-10-31 340.59 KOD RAF2539 Books

Copyright © 2023 Muslim Women's Research and Action Forum (MWRAF), No 27/3, Anderson Road, Kalubowila, Dehiwela. Funded by The Asia Fundation